Normal view
MARC view
Entry Nombre corporativo
001 - NÚMERO DE CONTROL
- campo de control: 15577
003 - IDENTIFICADOR DE NÚMERO DE CONTROL
- campo de control: OSt
005 - FECHA Y HORA DE LA ÚLTIMA TRANSACCIÓN
- campo de control: 20221005155719.0
008 - ELEMENTOS DE DATO DE LONGITUD-FIJA
- campo de control de longitud fija: 221005|| aca||aabn | a|a d
040 ## - FUENTE DE CATALOGACIÓN
- Centro catalogador/agencia de origen: OSt
- Centro/agencia transcriptor: OSt
110 ## - ENCABEZAMIENTO-NOMBRE DE ENTIDAD CORPORATIVA
- Nombre de entidad corporativa o nombre de jurisdicción como elemento de entrada: UNIVERSITAT AUTONOMA DE BARCELONA.
- Unidad subordinada: Fundació Institut Catalá de l''Envelliment
- Sede del congreso/Lugar de la reunión: Barcelona
670 ## - FUENTE DE DATOS ENCONTRADOS
- Cita de la fuente: Work cat.: (OSt)15627: UNIVERSITAT AUTONOMA DE BARCELONA. Fundació Institut Catalá de l''Envelliment Barcelona, Estudio del modelo de atención a las personas mayores con dependencia en España /, D.L. 2004